000 004800000a22001690004500
020 _a0-87788-006-9
041 0 _aENG
082 0 4 _aG 269.24 C6921a
245 1 0 _aAccounts of a campus revival Wheaton College 1995 / Timothy K. Beougher, Lyle W. Dorsett, Editores
260 _aWheaton, ILL., USA : H. Shaw
300 _a175 Pag
001 8159
942 _cBK
999 _c38352
_d38352
336 _atexto
_btxt
_2rdacontent
337 _2rdamedia
_asin mediación
_bn
338 _2rdacarrier
_avolumen
_bnc